VAT penalties - an unhappy New Year (Record no. 22351)

MARC details
000 -LEADER
fixed length control field 00702cab a2200193 4500
001 - CONTROL NUMBER
control field ABS41916
008 - FIXED-LENGTH DATA ELEMENTS--GENERAL INFORMATION
fixed length control field 090401t xxu||||| |||| 00| 0 eng d
035 ## - SYSTEM CONTROL NUMBER
System control number (Sirsi) u33456
041 ## - LANGUAGE CODE
Language code of text/sound track or separate title eng
100 ## - MAIN ENTRY--PERSONAL NAME
Personal name Buckett, A.
245 ## - TITLE STATEMENT
Title VAT penalties - an unhappy New Year
260 ## - PUBLICATION, DISTRIBUTION, ETC.
Date of publication, distribution, etc. December/January 1989/90, 52-53(2)
350 ## - PRICE (NR) (BK AM CF MU VM SE) [OBSOLETE]
Price 0
490 ## - SERIES STATEMENT
Series statement National Builder
Volume/sequential designation December/January 1989/90, 52-53(2)
520 ## - SUMMARY, ETC.
Summary, etc. Discusses the implications of the changes in VAT liability of construction and property development as detailed in the Finance Act 1989 , and how companies can safeguard themselves from making expensive accounting errors.
690 ## - LOCAL SUBJECT ADDED ENTRY--TOPICAL TERM (OCLC, RLIN)
Topical term or geographic name as entry element TAXATION
942 ## - ADDED ENTRY ELEMENTS (KOHA)
Suppress in OPAC 0
948 ## - LOCAL PROCESSING INFORMATION (OCLC); SERIES PART DESIGNATOR (RLIN)
c (OCLC) 04/03/1997
Holdings
Withdrawn status Lost status Source of classification or shelving scheme Damaged status Not for loan Home library Current library Shelving location Date acquired Total Checkouts Full call number Barcode Date last seen Copy number Price effective from Koha item type
    Dewey Decimal Classification     London London Journal article 14/09/1999   ABS41916 33456-1001 06/08/2019 1 06/08/2019 Journal article